000 00431nam a2200181Ia 4500
001 16446
005 20260306170310.0
008 260306t2021||||xx |||||||||||||| ||und||
041 _aESP
082 _a348.6
_bD56
100 _aDemartini Rivera, Fiorella
_eAUT
245 0 _aSOS laboral para contadores
260 _c2021
300 _a191 páginas :
_c24 cm.
650 _aGEN
654 _aCDE
942 _cLIB
_dJUS
_fJUS
_2ddc
_n
999 _c16446
_d16446